Los nuevos desafíos del desarrollo en Centro América /

Guardat en:
Dades bibliogràfiques
Autor principal: Rodríguez Echeverría, Miguel Angel
Format: Text
Etiquetes: Afegir etiqueta
Sense etiquetes, Sigues el primer a etiquetar aquest registre!

MARC

LEADER 00000 a a2200000 04500
001 48098
003
040
100 |a Rodríguez Echeverría, Miguel Angel  
245 |a Los nuevos desafíos del desarrollo en Centro América /  |c Miguel Angel Rodríguez Echeverría  
773 |g número42, (mayo-junio, 1996), páginas 27-30  
999 |c 36560  |d 36560